| 000 -CABECERA |
| Longitud fija campo de control |
00860nam a22002177a 4500 |
| 003 - IDENTIFICADOR DEL NÚMERO DE CONTROL |
| Identificador del número de control |
OSt |
| 005 - FECHA Y HORA DE LA ÚLTIMA TRANSACCIÓN |
| Fecha y hora de la última transacción |
20161205171204.0 |
| 008 - CÓDIGOS DE INFORMACIÓN DE LONGITUD FIJA |
| Códigos de información de longitud fija |
161122s2015 spca||| |||| 000 0 cat|d |
| 017 ## - NÚMERO DE COPYRIGHT O DE DEPÓSITO LEGAL |
| Número de copyright o de depósito legal |
DL B 29144-2015 |
| Agencia que asigna el número |
Biblioteca de Catalunya |
| 020 ## - NÚMERO INTERNACIONAL NORMALIZADO PARA LIBROS |
| Número Internacional Normalizado para Libros (ISBN) |
9788416605064 |
| 040 ## - FUENTE DE LA CATALOGACIÓN |
| Lengua de catalogación |
cat |
| Centro transcriptor |
CDMR |
| 100 1# - PUNTO DE ACCESO PRINCIPAL-NOMBRE DE PERSONA |
| Nombre de persona |
Guillamon, Julià, |
| Fechas asociadas al nombre |
1962- |
| 245 12 - MENCIÓN DE TÍTULO |
| Título |
L'enigma Arquimbau |
| Resto del título |
: sexe, feminisme i literatura a l'era del flirt |
| Mención de responsabilidad, etc. |
Julià Guillamon |
| 260 ## - PUBLICACIÓN, DISTRIBUCIÓN, ETC. (PIE DE IMPRENTA) |
| Lugar de publicación, distribución, etc. |
Barcelona : |
| Nombre del editor, distribuidor, etc. |
Comanegra, |
| Fecha de publicación, distribución, etc. |
2015 |
| 300 ## - DESCRIPCIÓN FÍSICA |
| Extensión |
325 p. : |
| Otras características físicas |
il. (algunes col.), fot. ; |
| Dimensiones |
19 cm + |
| Material anejo |
1 vol. (102 p. ; 19 cm) |
| 500 ## - NOTA GENERAL |
| Nota general |
En estoig |
| 505 8# - NOTA DE CONTENIDO CON FORMATO |
| Nota de contenido con formato |
Amb un facísmil de: Història d'una noia i vint braçalets / Rosa Maria Arquimbau (1934) |
| 600 17 - PUNTO DE ACCESO ADICIONAL DE MATERIA - NOMBRE DE PERSONA |
| Nombre de persona |
Arquimbau, Rosa Maria, |
| Fechas asociadas al nombre |
1910-1992 |
| Subdivisión de materia general (R ) |
Biografia |
| Fuente de encabezamiento o te&ecute,rmino |
lemac |
| 700 12 - PUNTO DE ACCESO ADICIONAL - NOMBRE DE PERSONA |
| Nombre de persona |
Arquimbau, Rosa Maria, |
| Fechas asociadas al nombre |
1910-1992. |
| Título de la obra |
Història d'una noia i vint braçalets |
| 942 ## - ENTRADA DE ELEMENTOS AGREGADOS (KOHA) |
| Koha [por defecto] tipo de item |
Monografies |
| Fuente de clasificaión o esquema |
|